| 000 | 00507 a2200217 4500 | ||
|---|---|---|---|
| 001 | 107343 | ||
| 020 | _a9781896580869 | ||
| 041 | _aeng | ||
| 082 | _a[E] | ||
| 250 | _a. ed. | ||
| 300 | _a[32] p. | ||
| 697 | _aOrigami | ||
| 697 | _aOrigami - Fiction. | ||
| 856 | _u000031/0000319b.jpg | ||
| 040 |
_aBR-BrIDEA _cBR-BrIDEA |
||
| 090 |
_aP Year 4 [E] _bSCH |
||
| 100 |
_aSchwartz, Ellen _d1949 |
||
| 245 | 1 | 0 |
_aAbby's birds _c Ellen Schwartz |
| 260 |
_a[S.l.] _bTradewind Books _c2006 |
||
| 942 | _cBK | ||
| 999 |
_c107343 _d107343 |
||